000 00794cab a2200265 4500
001 ABS55221
008 090401t1996 xxu||||| |||| 00| 0 eng d
035 _a(Sirsi) u14910
041 _aeng
100 _aCampbell, J.
245 _aHoliday villages - a tonic for the locals?
260 _c1996
350 _a0
490 _aTown & Country Planning
_v65(4) April 1996, 113-116(4)
520 _aReports on a study of actual and perceived socio-economic impacts of holiday villages on local residents.
650 _aATTITUDE SURVEY
650 _aHOLIDAY VILLAGES
650 _aLEISURE AND RECREATION FACILITIES
650 _aLEISURE DEVELOPMENT
650 _aSOCIO-ECONOMIC IMPACT
650 _aTOURISM
690 _aLEISURE AND RECREATION
942 _n0
948 _c04/03/1997
999 _c9734
_d9734